| 000 | 01479cad a2200289 4500 | ||
|---|---|---|---|
| 001 | L158881 | ||
| 008 | 100215n2013 000 0 eng u | ||
| 020 | _a9781783210305 | ||
| 035 | _a(Sirsi) u158881 | ||
| 041 | _aeng | ||
| 100 | 1 | _aPadma, Renjith Suresh | |
| 111 | 2 |
_aConstruction and Building Research Conference _cIIT Delhi, New Delhi _d10-12 September 2013 |
|
| 245 | 0 | 0 |
_aProduct data management systems for the bulk material handling in construction industry _h[electronic resource] |
| 260 |
_aLondon _bRICS _c2013 |
||
| 490 | 0 |
_aCOBRA _v2013 |
|
| 520 | _aA paper presented at the COBRA Conference in New Delhi on 10-12 September 2013. Looks at the efficacy of Product Data Management (PDM) databases to help in design processes within the construction industry. A PDM system qualifies as a platform for integrating construction processes which are essentially multidisciplinary in nature. This involves identification of key requirements and characteristics of the PDM system for construction industry. The methodology involves the adaptation of a PDM system for a section of a Bulk Material Handling construction project. | ||
| 650 | 2 | 4 | _aCONSTRUCTION AND BUILDING RESEARCH CONFERENCE (COBRA) |
| 650 | 2 | 4 | _aDATA MANAGEMENT |
| 650 | 2 | 4 | _aMATERIALS MANAGEMENT |
| 650 | 2 | 4 | _aDESIGN PROCESS |
| 650 | 2 | 4 | _aDATA MANAGEMENT |
| 651 | 4 |
_aUnited Kingdom _y |
|
| 690 | _aBUILT ENVIRONMENT | ||
| 700 | 1 | _aSawhney, Anil | |
| 700 | 1 | _aBorrmann, Andre | |
| 942 | _n0 | ||
| 999 |
_c115564 _d115564 |
||